| 000 | 00369nam a2200145Ia 4500 | ||
|---|---|---|---|
| 008 | 210210b1976 xxu||||| |||| 00| 0 eng d | ||
| 082 | _a531 TART | ||
| 100 | _aTARG (S). | ||
| 245 | _aTheoretical mechanics. | ||
| 260 |
_aMoscow _bForeign Languages Publishing House _c1976 |
||
| 300 | _a423 | ||
| 650 | _aTheoretical Mechanics | ||
| 690 | _aMechanics | ||
| 906 | _a039393 | ||
| 999 |
_c89137 _d89137 |
||